00372nam a22000977a 450000500170000010000690001724501070008626000270019330000090022070000450022920260629112933.0 aGhullam Murtaza a21-MSM-06aSupervisor - Dr. Kamran Nazir Memon aExact Solution of Tank Drainage for Newtonian and Power Law Fluid Through Rectangular Pipe (Thesis MS) aNawabshahbQUESTc2025 a82p. aDepartment of Mathematics an Statistics